| 000 | 00941nam a22002657a 4500 | ||
|---|---|---|---|
| 999 |
_c960 _d960 |
||
| 003 | AR-CdUCM | ||
| 008 | 190226b ||||| |||| 00| 0 spa d | ||
| 040 |
_aMUNICIPALIDAD PROVINCIAL DEL CUSCO _cBIBLIOTECA MUNICIPAL DEL CUSCO |
||
| 082 |
_a869.53 / _bC95 |
||
| 110 |
_aFederación de Empleados Bancarios en el Perú _93724 |
||
| 245 |
_aII Juegos Florales 1987 / _cFederación de Empleados Bancarios en el Perú |
||
| 260 |
_aPerú : _bVladimiro del Prado, _c1988. |
||
| 300 |
_a44 paginas ; _c25cm. |
||
| 500 | _aAuspicia : Consejo Nacional de Ciencia y Tecnología CONCYTEC | ||
| 505 | _aCuento -- Poesia -- Pintura | ||
| 650 |
_aCuentos Florales _93725 |
||
| 650 |
_aLiteratura _983 |
||
| 650 |
_aPerú _935 |
||
| 650 |
_aNavidad en tierra Honrosa _93726 |
||
| 700 |
_aArana Angulo, Pedro _93727 |
||
| 700 |
_aVargas Chirinos, Luis _93728 |
||
| 700 |
_aCruz Garcia, Percy _93729 |
||
| 942 |
_2ddc _cLIBROS |
||
| 945 |
_apjha _d2019-02-25 |
||